000 00298nam a22001337a 4500
008 180927b xxu||||| |||| 00| 0 eng d
020 _a0892030186
041 _aeng
080 _a617
100 _a8
101 _aORT
245 _aOrthopaedic Knowledge Update
_cSullivan.j
942 _2udc
_cBK
999 _c48627
_d48627